000 00431nam a2200169Ia 4500
008 230711s9999||||xx |||||||||||||| ||und||
041 _aENG
082 _a621.3822
_bSA-D
100 _aSalivahanan,S
245 0 _aDigital signal processing
250 _a1st . Ed.
260 _c2007
_aNew Delhi
_bTata McGraw Hill Education Limited
300 _a808
650 _aElectronics Engineering
700 _aVallavaraj,A
942 _cBK
999 _c8508
_d8508